000 01670cam a22004694i 4500
003 PE-LiUPU
005 20250731184536.0
008 150623s r 000 0 d
020 _a0415194075
035 _a(Sirsi) i9780415194075
040 _aPE-LiUPU
_bspa
_cPE-LiUPU
_erda
049 _aPRUA
082 0 4 _a956.94
_bB82
_221
100 1 _aBrettler, Marc Zvi,
_eautor.
245 1 4 _aThe creation of history in ancient Israel /
_cMarc Zvi Brettler.
264 1 _aNew York, NY :
_bRoutledge,
_c1998.
300 _a254 páginas ;
_c24 centímetros
336 _atext
_2rdacontent
337 _aunmediated
_2rdamedia
338 _avolume
_2rdacarrier
504 _aIncluye bibliografía.
505 0 _aDefining history, ideology and literature. -Chronicles as a model for biblical history. -The typologies of genesis. -Deuteronomy as interpretation. -The Ehud story as satire. -Ideology in the book of Samuel. -Text in a tel: 2 Kings 17 as history.
526 _aP136
526 _aP135
526 _aP134
526 _aP133
526 _aP144
526 _aP143
526 _aP87
526 _aP35
526 _aP20
526 _aP14
526 _aP10
526 _aP06
651 _aIsrael
_xHistoria
_yEpoca antigua.
942 _2ddc
_cBOOK
949 _a956.94 B82
_wDEWEY
_c1
_i48184
_lCCODEBUL1
_mBUL
_r0
_sY
_tBOOK
_u2015-6-24
_xTEOLOGIA
_PP35
_0COMPRA
_o.STAFF. Colección General
994 _aC0
_bPEPRU
596 _a1
999 _a956.94 B82
_wDEWEY
_c25721
_i48184
_f2021-11-11
_g6
_lCCODEBUL1
_mBUL
_r0
_sY
_tBOOK
_u2015-6-24
_xTEOLOGIA
_PP35
_0COMPRA
_o.STAFF. Colección General
_d25721
980 _81
_gALBERTO SANCHEZ Responsable de Automatización